Spheres of influence and the Third World : papers presented to the Bertrand Russell Centenary Symposium, Linz, Austria, September 11th to 15th, 1972 /

Salvato in:
Dettagli Bibliografici
Enti autori: Bertrand Russell Centenary Symposium on Spheres of Influence in the Age of Imperialism Linz, Bertrand Russell Peace Foundation
Altri autori: Dedijer, Vladimir
Natura: Atti del Convegno Libro
Lingua:English
Pubblicazione: Nottingham : Bertrand Russell Peace Foundation for 'The Spokesman', 1973.
Serie:Spokesman books.
Soggetti:
LEADER 01674nam a2200325 i 4500
001 c000385430
003 CARM
005 00000000000000.0
008 731102s1973 enk 10010 eng d
015 |a B7327953 
019 1 |a 3562790  |z 24983810  |5 LACONCORD2021 
020 |a 0851240607 (pbk) :  |c £1.25 
035 |a (OCoLC)16246916  |5 LACONCORD2021 
040 |a VDU  |c VDU 
050 0 0 |a HC59.7 
082 0 4 |a 321.03  |2 18 
111 2 |a Bertrand Russell Centenary Symposium on Spheres of Influence in the Age of Imperialism  |d (1972 :  |c Linz) 
245 1 0 |a Spheres of influence and the Third World :  |b papers presented to the Bertrand Russell Centenary Symposium, Linz, Austria, September 11th to 15th, 1972 /  |c Vladimir Dedijer ... [and others] 
260 |a Nottingham :  |b Bertrand Russell Peace Foundation for 'The Spokesman',  |c 1973. 
300 |a [6], 123 p. ;  |c 21cm. 
490 0 |a Spokesman books. 
500 |a Developing countries. Economic development. Influence of developed countries. Conference proceedings (BNB/PRECIS) 
500 |a 'The papers which follow are a further small selection from those which were submitted to the Bertrand Russell Centenary Symposium on Spheres of Influence in the Age of Imperialism'. - Introductory note. 
504 |a Bibliographyp.101-102. 
651 0 |a Developing countries  |x Economic conditions  |x Congresses. 
700 1 |a Dedijer, Vladimir. 
710 2 |a Bertrand Russell Peace Foundation. 
852 8 |b CARM  |h A3:AE20B0  |i B11670  |p 0481333  |f BK 
999 f f |i f71554be-650f-5b44-a43b-d613275ac0ce  |s e1690efb-4974-55cb-993c-6fc521672d05 
952 f f |p Can circulate  |a CAVAL  |b CAVAL  |c CAVAL  |d CARM 1 Store  |e B11670  |f A3:AE20B0  |h Other scheme  |i book  |m 0481333